| 000 | 00541nam a2200169 i 4500 | ||
|---|---|---|---|
| 001 | 87162 | ||
| 003 | ES-MaACL | ||
| 005 | 20230906175617.0 | ||
| 007 | t| | ||
| 008 | 041220s1971 sp ||||1| spa d | ||
| 100 | 1 |
_aKoenigswald, G. H. R. von. _968446 |
|
| 245 | 1 | 0 |
_aHistoria del hombre / _cG.H.R. von Koenigswald ; [traductor: Francisco Javier Segovia Espiau]. |
| 260 |
_aMadrid : _bAlianza, _c[1971] |
||
| 300 |
_a195 p. : _bil. ; _c18 cm. |
||
| 700 | 1 |
_aSegovia Espiau, Francisco Javier. _9105156 |
|
| 852 |
_aES-MaACL _jC-47610 _bR.77305 |
||
| 999 |
_c87162 _d87162 |
||